000 00564nam a2200241Ia 4500
003 OSt
005 20221007115524.0
006 a|||||r|||| 00| 0
007 ta
008 221006b |||||||| |||| 00| 0 eng d
024 _a37,323
037 _cTextual
040 _aLCO
_cLCO
_beng
041 _2eng
_aeng
082 _aZ3,8,5, Q5
100 _aPANDEY (P.K)
_9709702
245 0 _aAll India Bar Examination
250 _a3rd
260 _c2015
300 _a500
942 _hZ3,8,5, Q5
_cTEXL
999 _c1206886
_d1206886